000 00986cam a2200205 4500
001 WB3812-30
008 020403n2002 000 0 eng u
035 _a(Sirsi) u117322
245 _aGovernment submission to foot and mouth inquiry published
260 _c2002
490 _aDEFRA News Release
_v113/02 22 March 2002, (2)
520 _aGovernment has published its formal submission to the independent 'Anderson Inquiry' into the 2001 outbreak of foot and mouth disease. It outlines what happened during the outbreak, the policies that were followed, what actions have been taken as a result of developments during the outbreak, and sets out plans for the future in the light of lessons learned in advance of the Inquiry's conclusions. Full document at:- http://www.defra.gov.uk/corporate/inquiries/index.asp
590 _aWB
650 _aFOOT-AND-MOUTH DISEASE
650 _aINQUIRIES
650 _aFARMING
650 _aDEFRA
690 _aRural
_96268
942 _n0
999 _c69896
_d69896